000 00655nam a2200241Ia 4500
003 OSt
005 20220918185410.0
006 a|||||r|||| 00| 0
007 ta
008 220917b |||||||| |||| 00| 0 eng d
024 _a50,892
037 _cTextual
040 _aARTS
_cARTS
_beng
041 _2eng
_aeng
082 _aP111:1, J6;L5 (PD)
100 _aChristophersen Paul
_968899
245 0 _aEnglish phonetics course
260 _aLondon
_bLongman
_c1975
500 _aAppendices (202-14p) (A-D)
650 _aLINGUISTICS
942 _hP111:1, J6;L5 (PD)
_cTEXL
_2CC
999 _c180487
_d180487